| 000 | 01355cad a22002295a 4500 | ||
|---|---|---|---|
| 001 | L140600 | ||
| 008 | 070227e20070928 d f s 000 0 eng u | ||
| 035 | _a(Sirsi) u140600 | ||
| 041 | _aeng | ||
| 050 | _a630 $2 18 | ||
| 110 | 2 |
_aRoyal Institution of Chartered Surveyors _bEconomics _95033 |
|
| 245 | 0 | 0 |
_aRICS rural land market survey Great Britain _bH1 2007 _h[electronic resource] |
| 260 |
_aLondon _bRICS _c2007 |
||
| 490 | 0 | 0 |
_aRICS Rural Land Market Survey Great Britain _vFirst Half 2007 |
| 520 | _aRural land prices rose strongly during the first half of 2007, increasing by 22.6% on a year earlier compared to an increase of 18.1% in the first half of the year. Demand for residential farmland is being driven by record bonuses paid in the City, generating strong demand from lifestyle buyers. Location is being seen as more important than soil quality according to surveyors. The weighted average price of farm land rose to £8 850 per hectare, up from £8 164 in H2 2006. | ||
| 590 | _aKA | ||
| 650 | 2 | 4 | _aRICS RURAL LAND MARKET SURVEY GREAT BRITAIN |
| 651 | 4 |
_aGreat Britain _y1707- |
|
| 690 | _aPROPERTY-RURAL AND NATURAL ASSETS-RURAL AND NATURAL ASSET MARKET | ||
| 856 | 4 | 0 |
_uhttps://www.rics.org/profession-standards/knowledge-and-information-services/document-delivery-and-o _zemail [email protected] to request a copy |
| 942 | _n0 | ||
| 999 |
_c107517 _d107517 |
||